|
|
|
|
| LEADER |
00000cas a2200000 a 4500 |
| 001 |
vtls010114104 |
| 003 |
SK-MaSNL |
| 005 |
20260228160013.0 |
| 008 |
100712c20099999xo qr p 0 b0slo |
| 022 |
|
|
|a 1338-1520
|
| 040 |
|
|
|a SVKBB
|b slo
|c SVKBB
|d SNK
|e AACR2
|
| 041 |
0 |
|
|a slo
|
| 044 |
|
|
|a xo
|c SK
|
| 072 |
|
7 |
|a 37
|x Výchova a vzdelávanie
|2 konspekt
|
| 072 |
|
7 |
|a 379.8
|x Voľný čas. Prázdniny
|2 konspekt
|
| 072 |
|
7 |
|a 796
|x Šport. Hry. Telesné cvičenia
|2 konspekt
|
| 080 |
|
|
|a 379.8:061.213
|2 2011
|
| 080 |
|
|
|a 374
|2 2011
|
| 080 |
|
|
|a 796.54
|2 2011
|
| 080 |
|
|
|a 050
|2 2001
|
| 080 |
|
|
|a [379.8.03:061.2]-055.15
|2 2011
|
| 210 |
0 |
|
|a Džungľa
|
| 222 |
|
0 |
|a Džungľa
|
| 245 |
0 |
0 |
|a Džungľa
|
| 260 |
|
|
|a Bratislava
|b Slovenský skauting
|c 2009-
|
| 300 |
|
|
|a zv.
|c 23 cm
|
| 310 |
|
|
|a 4x ročne
|b 2011-
|
| 321 |
|
|
|a 2x ročne
|b 2009-2010
|
| 362 |
0 |
|
|a Jesenný špeciál (2009)-
|
| 500 |
|
|
|a Podnázov v tiráži: časopis pre včielky a vĺčatá
|
| 500 |
|
|
|a V r. 2009 vyšiel ako jesenný špeciál a v r. 2010 ako jarný špeciál
|
| 500 |
|
|
|a Evidenčné číslo: EV 4018/10
|
| 500 |
|
|
|a Šéfredaktor: ?-, Michal Šandrej
|
| 515 |
|
|
|a Niektoré čísla vychádzajú ako dvojčíslo
|
| 650 |
0 |
7 |
|a skauting
|2 SNKPH
|9 3238
|
| 650 |
0 |
7 |
|a vĺčatá (skauti)
|2 SNKPH
|9 98922
|
| 650 |
0 |
7 |
|a včielky (skauti)
|2 SNKPH
|9 265744
|
| 650 |
0 |
7 |
|a táborenie
|2 SNKPH
|9 3261
|
| 655 |
|
7 |
|a časopisy pre deti
|2 SNKPH
|9 114921
|
| 700 |
1 |
|
|a Šandrej, Michal
|4 pbd
|9 265745
|
| 856 |
4 |
0 |
|u http://dzungla.skauting.sk/
|
| 910 |
|
|
|a snk
|
| 910 |
|
|
|a svkbb
|
| 999 |
|
|
|c 1113
|d 3043
|
| 952 |
|
|
|0 0
|1 0
|4 0
|7 0
|8 0
|a SNK
|b SNK
|d 2024-04-09
|i snk2024/5629
|l 0
|o snkČSC 3630/12/2020 D1
|p 17A1522945
|r 2026-02-21 19:58:16
|t č. jar-zima
|w 2026-02-21
|y PREZ
|
| 952 |
|
|
|0 0
|1 0
|4 0
|7 0
|8 0
|a SNK
|b SNK
|d 2024-04-09
|i snk2024/5631
|l 0
|o snkČSC 3630/13/2021
|p 17A1522946
|r 2026-02-21 19:58:16
|t č. jar-zima
|w 2026-02-21
|y PREZ
|
| 952 |
|
|
|0 0
|1 0
|4 0
|7 0
|8 0
|a SNK
|b SNK
|d 2024-04-09
|i snk2024/5632
|l 0
|o snkČSC 3630/13/2021 D1
|p 17A1522947
|r 2026-02-21 19:58:16
|t č. jar-zima
|w 2026-02-21
|y PREZ
|
| 952 |
|
|
|0 0
|1 0
|4 0
|7 0
|8 0
|a SNK
|b SNK
|d 2024-04-09
|i snk2024/5634
|l 0
|o snkČSC 3630/14/2022
|p 17A1522948
|r 2026-02-21 19:58:16
|t č. jar-zima
|w 2026-02-21
|y PREZ
|
| 952 |
|
|
|0 0
|1 0
|4 0
|7 0
|8 0
|a SNK
|b SNK
|d 2024-04-09
|i snk2024/5635
|l 0
|o snkČSC 3630/14/2022 D1
|p 17A1522949
|r 2026-02-21 19:58:16
|t č. jar-zima
|w 2026-02-21
|y PREZ
|
| 952 |
|
|
|0 0
|1 0
|4 0
|7 0
|8 0
|a SNK
|b SNK
|d 2024-04-09
|i snk2024/5636
|l 0
|o snkČSC 3630/15/2023
|p 17A1522950
|r 2026-02-21 19:58:16
|t č. jar-zima
|w 2026-02-21
|y PREZ
|
| 952 |
|
|
|0 0
|1 0
|4 0
|7 0
|8 0
|a SNK
|b SNK
|d 2024-04-09
|i snk2024/5637
|l 0
|o snkČSC 3630/15/2023 D1
|p 17A1522951
|r 2026-02-21 19:58:16
|t č. jar-zima
|w 2026-02-21
|y PREZ
|
| 952 |
|
|
|0 0
|1 0
|4 0
|7 0
|8 0
|a SNK
|b SNK
|d 2021-09-21
|i snk2021/13376
|l 0
|o snkČSC 3630/12/2020
|p 17A1460630
|r 2026-02-21 20:00:11
|t č. jar-zima
|w 2026-02-21
|y PREZ
|
| 952 |
|
|
|0 0
|1 0
|4 0
|7 0
|8 0
|a SNK
|b SNK
|d 2016-06-28
|i snk2016/16602
|l 0
|o snkČSC 3630/2009
|p 17A1100617
|r 2026-02-21 21:47:23
|t č. jeseň
|w 2026-02-21
|y PREZ
|
| 952 |
|
|
|0 0
|1 0
|4 0
|7 0
|8 0
|a SNK
|b SNK
|d 2016-06-28
|i snk2016/16603
|l 0
|o snkČSC 3630/2/2010
|p 17A1100618
|r 2026-02-21 21:47:23
|t č. jar-zima, neúplné
|w 2026-02-21
|y PREZ
|z Chýba č. zima
|
| 952 |
|
|
|0 0
|1 0
|4 0
|7 0
|8 0
|a SNK
|b SNK
|d 2016-06-28
|i snk2016/16604
|l 0
|o snkČSC 3630/3/2011
|p 17A1100619
|r 2026-02-21 21:47:23
|t č. jar-zima
|w 2026-02-21
|y PREZ
|
| 952 |
|
|
|0 0
|1 0
|4 0
|7 0
|8 0
|a SNK
|b SNK
|d 2016-06-28
|i snk2016/16605
|l 0
|o snkČSC 3630/4/2012
|p 17A1100620
|r 2026-02-21 21:47:23
|t č. jar-zima
|w 2026-02-21
|y PREZ
|
| 952 |
|
|
|0 0
|1 0
|4 0
|7 0
|8 0
|a SNK
|b SNK
|d 2016-06-29
|i snk2016/16642
|l 0
|o snkČSC 3630/7/2015 D1
|p 17A1100624
|r 2026-02-21 21:47:29
|t č. jar-zima
|w 2026-02-21
|y PREZ
|
| 952 |
|
|
|0 0
|1 0
|4 0
|7 0
|8 0
|a SNK
|b SNK
|d 2016-06-29
|i snk2016/16645
|l 0
|o snkČSC 3630/6/2014 D1
|p 17A1100625
|r 2026-02-21 21:47:29
|t č. jar-zima
|w 2026-02-21
|y PREZ
|
| 952 |
|
|
|0 0
|1 0
|4 0
|7 0
|8 0
|a SNK
|b SNK
|d 2016-06-29
|i snk2016/16648
|l 0
|o snkČSC 3630/5/2013 D1
|p 17A1100626
|r 2026-02-21 21:47:29
|t č. jar-zima
|w 2026-02-21
|y PREZ
|
| 952 |
|
|
|0 0
|1 0
|4 0
|7 0
|8 0
|a SNK
|b SNK
|d 2016-06-29
|i snk2016/16653
|l 0
|o snkČSC 3630/4/2012 D1
|p 17A1100627
|r 2026-02-21 21:47:29
|t č. jar-zima
|w 2026-02-21
|y PREZ
|
| 952 |
|
|
|0 0
|1 0
|4 0
|7 0
|8 0
|a SNK
|b SNK
|d 2016-06-29
|i snk2016/16654
|l 0
|o snkČSC 3630/3/2011 D1
|p 17A1100628
|r 2026-02-21 21:47:29
|t č. jar-zima, neúplné
|w 2026-02-21
|y PREZ
|z Chýba č. jar, leto
|
| 952 |
|
|
|0 0
|1 0
|4 0
|7 0
|8 0
|a SNK
|b SNK
|d 2016-06-29
|i snk2016/16657
|l 0
|o snkČSC 3630/2009 D1
|p 17A1100629
|r 2026-02-21 21:47:29
|t č. jeseň
|w 2026-02-21
|y PREZ
|
| 952 |
|
|
|0 0
|1 0
|4 0
|7 0
|8 0
|a SNK
|b SNK
|d 2016-06-29
|i snk2016/16620
|l 0
|o snkČSC 3630/5/2013
|p 17A1100621
|r 2026-02-21 21:47:30
|t č. jar-zima
|w 2026-02-21
|y PREZ
|
| 952 |
|
|
|0 0
|1 0
|4 0
|7 0
|8 0
|a SNK
|b SNK
|d 2016-06-29
|i snk2016/16621
|l 0
|o snkČSC 3630/6/2014
|p 17A1100622
|r 2026-02-21 21:47:30
|t č. jar-zima
|w 2026-02-21
|y PREZ
|
| 952 |
|
|
|0 0
|1 0
|4 0
|7 0
|8 0
|a SNK
|b SNK
|d 2016-06-29
|i snk2016/16622
|l 0
|o snkČSC 3630/7/2015
|p 17A1100623
|r 2026-02-21 21:47:30
|t č. jar-zima
|w 2026-02-21
|y PREZ
|
| 952 |
|
|
|0 0
|1 0
|4 0
|7 0
|8 0
|a SNK
|b SNK
|d 2020-06-19
|i snk2020/10855
|l 0
|o snkČSC 3630/8/2016
|p 17A1388304
|r 2026-02-21 22:01:40
|t č. jar-zima
|w 2026-02-21
|y PREZ
|
| 952 |
|
|
|0 0
|1 0
|4 0
|7 0
|8 0
|a SNK
|b SNK
|d 2020-06-19
|i snk2020/10856
|l 0
|o snkČSC 3630/8/2016 D1
|p 17A1388303
|r 2026-02-21 22:01:40
|t č. jar-zima
|w 2026-02-21
|y PREZ
|
| 952 |
|
|
|0 0
|1 0
|4 0
|7 0
|8 0
|a SNK
|b SNK
|d 2020-06-19
|i snk2020/10857
|l 0
|o snkČSC 3630/9/2017
|p 17A1388302
|r 2026-02-21 22:01:40
|t č. jar-zima
|w 2026-02-21
|y PREZ
|
| 952 |
|
|
|0 0
|1 0
|4 0
|7 0
|8 0
|a SNK
|b SNK
|d 2020-06-19
|i snk2020/10862
|l 0
|o snkČSC 3630/9/2017 D1
|p 17A1388301
|r 2026-02-21 22:01:40
|t č. jar-zima
|w 2026-02-21
|y PREZ
|
| 952 |
|
|
|0 0
|1 0
|4 0
|7 0
|8 0
|a SNK
|b SNK
|d 2020-06-19
|i snk2020/10864
|l 0
|o snkČSC 3630/10/2018
|p 17A1388300
|r 2026-02-21 22:01:40
|t č. jar-zima
|w 2026-02-21
|y PREZ
|
| 952 |
|
|
|0 0
|1 0
|4 0
|7 0
|8 0
|a SNK
|b SNK
|d 2020-06-19
|i snk2020/10865
|l 0
|o snkČSC 3630/10/2018 D1
|p 17A1388299
|r 2026-02-21 22:01:40
|t č. jar-zima, neúplné
|w 2026-02-21
|y PREZ
|z Chýba jeseň
|
| 952 |
|
|
|0 0
|1 0
|4 0
|7 0
|8 0
|a SNK
|b SNK
|d 2020-06-19
|i snk2020/10868
|l 0
|o snkČSC 3630/11/2019
|p 17A1388298
|r 2026-02-21 22:01:40
|t č. jar-zima, neúplné
|w 2026-02-21
|y PREZ
|z Chýba zima
|
| 952 |
|
|
|0 0
|1 0
|4 0
|7 0
|8 0
|a SNK
|b SNK
|d 2020-06-19
|i snk2020/10869
|l 0
|o snkČSC 3630/11/2019 D1
|p 17A1388297
|r 2026-02-21 22:01:40
|t č. jar-zima, neúplné
|w 2026-02-21
|y PREZ
|z Chýba zima
|